Hiện trạng tài nguyên rừng và công tác quản lí, bảo vệ tài nguyên rừng ở huyện Hoà Vang, thành phố Đà Nẵng

Phân tích và đánh giá sơ bộ các khía cạnh khác nhau của tài nguyên rừng. Tìm hiểu, đánh giá về công tác quản lí, bảo vệ rừng ở huyện Hoà Vang. Đề xuất một số ý kiến về công tác quản lí, bảo vệ rừng ở Huyện Hoà Vang

Saved in:
Bibliographic Details
Main Author: Đặng Thị Thủy Tú
Other Authors: Hồ Phong (Hướng dẫn)
Format: Book
Language:Vietnamese
Published: Đà Nẵng Đại học Sư phạm, Đại học Đà Nẵng 2013
Subjects:
Tags: Add Tag
No Tags, Be the first to tag this record!
Institutions: Mạng thư viện Đại học Đà Nẵng
LEADER 01820nam a2200361 4500
001 000018880
003 15315
005 20140120160148.0
008 140115s2013 viesd
041 |a vie 
082 1 4 |a 910.133375  |b ĐĂ-T 
100 1 |a Đặng Thị Thủy Tú 
245 1 0 |a Hiện trạng tài nguyên rừng và công tác quản lí, bảo vệ tài nguyên rừng ở huyện Hoà Vang, thành phố Đà Nẵng  |c Đặng Thị Thủy Tú ; Hồ Phong hướng dẫn  |k Khóa luận tốt nghiệp 
260 |a Đà Nẵng  |b Đại học Sư phạm, Đại học Đà Nẵng  |c 2013 
300 |a 64 tr.  |b Hình mh.  |c 29 cm. 
500 |a Khóa luận tốt nghiệp đại học. Chuyên ngành: Cử nhân Địa lý - Môi trường 
520 |a Phân tích và đánh giá sơ bộ các khía cạnh khác nhau của tài nguyên rừng. Tìm hiểu, đánh giá về công tác quản lí, bảo vệ rừng ở huyện Hoà Vang. Đề xuất một số ý kiến về công tác quản lí, bảo vệ rừng ở Huyện Hoà Vang 
650 0 4 |a Tài nguyên rừng  |v Khóa luận tốt nghiệp  |x Hiện trạng  |z Đà Nẵng (Hòa Vang) 
653 |a Tài nguyên rừng 
653 |a Khoa Địa lý 
653 |a Công tác quản lý 
653 |a Hòa Vang 
700 1 |a Hồ Phong  |e Hướng dẫn 
OWN |a LSP 
AVA |a UDN50  |b LSP  |d 910.133375 ĐĂ-T  |e available  |t Error 5001 Not defined in file expand_doc_bib_avail.  |f 1  |g 0  |h N  |i 0  |k 1 
999 |a From the UDN01 
AVA |a UDN50  |b LSP  |d 910.133375 ĐĂ-T  |e available  |t Error 5001 Not defined in file expand_doc_bib_avail.  |f 1  |g 0  |h N  |i 0  |k 1 
TYP |a Monograph 
TYP |a Printed language 
980 |a Mạng thư viện Đại học Đà Nẵng